000 00266nam a2200109Ia 4500
008 220204s9999 xx 000 0 und d
082 _a82-3
_bCHA
100 _aChase, James Hadley
245 0 _aLike a hole in the head
260 _aHerts
_bPanther
_c1975
942 _cBK
999 _c29331
_d29331